Carpentry / (Record no. 14122)

000 -LEADER
fixed length control field 00801cam a2200253 a 4500
003 - CONTROL NUMBER IDENTIFIER
control field OSt
005 - DATE AND TIME OF LATEST TRANSACTION
control field 20260413122146.0
008 - FIXED-LENGTH DATA ELEMENTS--GENERAL INFORMATION
fixed length control field 090325s2010 nyua 001 0 eng
020 ## - INTERNATIONAL STANDARD BOOK NUMBER
International Standard Book Number 9781435484054
Qualifying information hdc.
042 ## - AUTHENTICATION CODE
Authentication code lccopycat
050 00 - LIBRARY OF CONGRESS CALL NUMBER
Classification number TH5604
Item number .L44 2010
082 04 - DEWEY DECIMAL CLASSIFICATION NUMBER
Classification number 694
Edition number 22
100 1# - MAIN ENTRY--PERSONAL NAME
Personal name Vogt, Floyd.
245 10 - TITLE STATEMENT
Title Carpentry /
Statement of responsibility, etc Floyd Vogt.
250 ## - EDITION STATEMENT
Edition statement 5th ed.
260 ## - PUBLICATION, DISTRIBUTION, ETC. (IMPRINT)
Place of publication, distribution, etc Clifton Park, NY :
Name of publisher, distributor, etc Delmar Cengage Learning,
Date of publication, distribution, etc c2010.
300 ## - PHYSICAL DESCRIPTION
Extent xxii, 919 p. :
Other physical details ill. (chiefly col.) ;
Dimensions 29 cm.
500 ## - GENERAL NOTE
General note Rev. ed. of: Carpentry / Gaspar Lewis, Floyd Vogt. c2001.
500 ## - GENERAL NOTE
General note Includes index.
505 0# - FORMATTED CONTENTS NOTE
Formatted contents note Tools and materials -- Rough carpentry -- Exterior finish -- Interior finish.
650 #0 - SUBJECT ADDED ENTRY--TOPICAL TERM
Topical term or geographic name as entry element Carpentry
Form subdivision Textbooks.
700 1# - ADDED ENTRY--PERSONAL NAME
Personal name Lewis, Gaspar J.
Title of a work Carpentry.
942 ## - ADDED ENTRY ELEMENTS (KOHA)
Source of classification or shelving scheme
Holdings
Withdrawn status Lost status Source of classification or shelving scheme Damaged status Koha normalized classification for sorting Not for loan Permanent location Current location Shelving location Date acquired Full call number Barcode Date last seen Price effective from Koha item type
        694_000000000000000   BMS College of Architecture, Design and Planning BMS College of Architecture, Design and Planning General Stacks 2025-12-03 694 AR-UG4996 2026-02-10 2026-02-10 B.Design
Copyright © 2025, The Librarian, Library and Information Centre, BMSCA D&P, Bengaluru. All Rights Reserved
web counter

Powered by Koha